000 00210 a2200109 4500
020 _a9780545851787
041 _aspa
100 _aScholastic
245 _aLa mision de darth maul
942 _cBK
952 _74
999 _c19696
_d19696